Premierzy Wielkiej Brytanii według podpowiedzi - Statystyki

Ogólne statystyki
  • Ten quiz został rozwiązany 26 razy
  • Średni wynik to 7 z 20
Statystyki odpowiedzi
Wskazówka Odpowiedź % Poprawnych
Premier przez większą część II wojny światowej Winston Churchill
100%
Pierwsza polityk premier Margaret Thatcher
80%
Jedyny hinduski premier Rishi Sunak
75%
Obecny premier Keir Starmer
60%
Pełnił funkcję burmistrza Londynu Boris Johnson
40%
Podpisał układ monachijski w 1938 roku Neville Chamberlain
40%
Najdłużej urzędujący premier z Partii Pracy Tony Blair
40%
Zrezygnował ze stanowiska premiera po tym, jak wyborcy zdecydowali o opuszczeniu UE David Cameron
35%
Pełnił urząd przez zaledwie 49 dni – najkrócej ze wszystkich premierów Liz Truss
35%
Bohater bitwy pod Waterloo Duke of Wellington
25%
Urodził się jako Żyd Benjamin Disraeli
20%
Premier w drugiej połowie I wojny światowej David Lloyd George
15%
Od 2024 roku jest byłym premierem od 27 lat – trzeci najdłuższy okres w historii John Major
15%
Nazywany „młodszym”, aby odróżnić go od ojca, również premiera William Pitt Młodszy
15%
Podpisano deklarację popierającą stworzenie domu dla narodu żydowskiego w Palestynie Arthur Balfour
10%
Przewodniczył założeniu NHS Clement Attlee
10%
Na jego cześć (a może na cześć jego syna) nazwano pewien rodzaj herbaty Earl Grey
10%
Uważany za pierwszego faktycznego premiera Robert Walpole
10%
Pełnił rekordową liczbę czterech nienastępujących po sobie kadencji w latach 1868–1894 William Gladstone
10%
Założyciel Metropolitan Police w 1829 roku. Na jego cześć policjanci są znani jako „bobbies”. Robert Peel
5%
Nie znaleziono quizów pasujących do podanych kryteriów
Rozkład punktacji
Procent ludzi z każdym wynikiem
Percentyl według liczby udzielonych odpowiedzi
Twoja historia wyników
Nie rozwiązałeś tego quizu